[Event "Olympiad Women 2024"]
[Site "Budapest HUN"]
[Date "2024.09.12"]
[Round "2.15"]
[Board "3"]
[White "Toma, Katarzyna"]
[Black "Jakobsen, Shanne Hedegaard"]
[Result "1-0"]
[WhiteElo "2184"]
[BlackElo "2002"]
[PlyCount "53"]
[EventDate "2024.09.11"]
[WhiteTeam "England"]
[BlackTeam "Denmark"]
[WhiteTeamCountry "ENG"]
[BlackTeamCountry "DEN"]

1. e4 c6 2. d4 d5 3. Nc3 dxe4 4. Nxe4 Bf5 5. Ng3 Bg6 6. Bc4 e6 7. N1e2 h6 8. Nf4 ({RR} 8. O-O Bd6 9. Nf4 Bh7 10. Ngh5 Bf8 11. Re1 Ne7 12. Bxe6 fxe6 13. Nxe6 Qd7 14. Qf3 Rg8 15. Nxf8 Rxf8 {1-0 Kasparov,G (2800)-Bertacco,P Asiag Ludi Univ sim 1991 (1)}) 8... Ne7 ({RR} 8... Bh7 9. c3 Bd6 10. Ngh5 Bf8 11. Be3 Nf6 12. Qe2 Nxh5 13. Nxh5 Nd7 14. O-O-O Nf6 15. Nf4 Bd6 16. g4 Qc7 17. Nd3 b5 18. Bb3 Nd5 19. Bd2 a5 20. Ne5 a4 21. Bxd5 cxd5 22. Qxb5+ Ke7 23. Bf4 {0-1 Gavrilin,R (2152)-Rian,K (2089) Titled Tue 7th Mar Late 2023 (6)}) 9. O-O Qd6 $146 ({RR} 9... Nd7 10. Re1 Nf6 11. Nxg6 Nxg6 12. c3 Bd6 13. Bd3 Nf4 14. Bxf4 Bxf4 15. Nh5 Nxh5 16. Qxh5 O-O 17. Qf3 Bg5 18. g3 Bf6 19. h4 Qd5 20. Qe4 Qxe4 21. Bxe4 Rac8 22. Rad1 {½-½ Perez,S-Gutierrez Mingueza,R Onati op 1994 (6)}) 10. Re1 Bh7 11. Bxe6 fxe6 12. Nxe6 Na6 13. Bf4 Qd7 14. Nh5 Bf5 15. Nhxg7+ Bxg7 16. Nxg7+ Kd8 17. Be5 Rg8 18. Bf6 Rxg7 19. Bxg7 Kc7 20. Be5+ Kc8 21. Qe2 Ng6 22. Bg3 Nc7 23. c4 b6 24. d5 cxd5 25. cxd5 Kb7 26. d6 Re8 27. Qf3+ 1-0

[Event "Olympiad Women 2024"]
[Site "Budapest HUN"]
[Date "2024.09.12"]
[Round "2.15"]
[Board "4"]
[White "Guindy, Esmat Susanne"]
[Black "Sivanandan, Bodhana"]
[Result "1-0"]
[WhiteElo "2015"]
[BlackElo "2196"]
[PlyCount "145"]
[EventDate "2024.09.11"]
[WhiteTeam "Denmark"]
[BlackTeam "England"]
[WhiteTeamCountry "DEN"]
[BlackTeamCountry "ENG"]

1. d4 d5 2. Nf3 Nf6 3. c4 c6 4. Qc2 dxc4 5. Qxc4 Bf5 6. g3 e6 7. Bg2 Be7 8. O-O O-O 9. Nc3 Nbd7 10. Re1 Ne4 11. Qb3 Qb6 12. Nh4 Bxh4 13. gxh4 Ndf6 14. f3 Nxc3 15. bxc3 e5 16. Qxb6 axb6 17. dxe5 Nd7 18. f4 Be6 19. a3 Nc5 $146 ({RR} 19... Ra4 20. Rb1 Rc4 21. Bd2 Rd8 22. Red1 Bf5 23. Rb4 Rxb4 24. axb4 Nf8 25. Kf2 Ng6 26. Ke1 Nxh4 27. Bh1 Bh3 28. Ra1 g5 29. Be3 Bg2 30. Bxb6 Re8 31. Kf2 Bxh1 32. Rxh1 gxf4 33. Rg1+ Ng6 {½-½ Cuenca Jimenez,J (2472)-Palliser,R (2448) BCF-chTb 1112 (4NCL) 2011 (7.52)}) 20. Be3 Nb3 21. Rab1 b5 22. Be4 Rfe8 23. Kf2 g6 24. h5 Na5 25. hxg6 fxg6 26. Rg1 Nc4 27. h4 Nxe3 28. Kxe3 Kf7 29. h5 Bf5 30. Bxf5 gxf5 31. Rg5 Ke6 32. Rd1 Red8 33. Rxd8 Rxd8 34. Rg7 Ra8 35. Rxh7 Rxa3 36. Kd2 Ra4 37. e3 Ra2+ 38. Kd3 Rh2 39. Rxb7 Rxh5 40. Kd4 Rh2 41. Rc7 Rd2+ 42. Kc5 Rd5+ 43. Kb4 Rd3 44. Rxc6+ Ke7 45. Rf6 Rxe3 46. Rxf5 Ke6 47. Rf6+ Kd7 48. e6+ Ke7 49. Rf5 Re1 50. Re5 Rb1+ 51. Kc5 Rb3 52. f5 Rxc3+ 53. Kxb5 Rc8 54. Rc5 Rb8+ 55. Kc4 Kf6 56. Rd5 Rc8+ 57. Kb5 Rc7 58. Rc5 Ra7 59. Kb6 Ra1 60. Kb7 Rd1 61. Kc8 Rh1 62. Rc7 Rh8+ 63. Kd7 Rg8 64. e7 Kf7 65. f6 Ra8 66. Rc8 Rxc8 67. Kxc8 Ke8 68. Kc7 Kf7 69. Kd7 Kxf6 70. e8=Q Kg7 71. Ke6 Kh7 72. Kf6 Kh6 73. Qh8# 1-0

[Event "Olympiad Women 2024"]
[Site "Budapest HUN"]
[Date "2024.09.12"]
[Round "2.16"]
[Board "1"]
[White "Maksimovic, Masa"]
[Black "Atalik, Ekaterina"]
[Result "0-1"]
[WhiteElo "2093"]
[BlackElo "2381"]
[PlyCount "80"]
[EventDate "2024.09.11"]
[WhiteTeam "Bosnia & Herzegovina"]
[BlackTeam "Turkiye"]
[WhiteTeamCountry "BIH"]

1. e4 e5 2. Nf3 Nc6 3. Bb5 a6 4. Ba4 Nf6 5. O-O Be7 6. Re1 b5 7. Bb3 d6 8. c3 O-O 9. h3 Bb7 10. d4 Nd7 11. Nbd2 exd4 12. cxd4 Bf6 13. Nf1 Na5 14. Bc2 Re8 15. Ng3 g6 16. Rb1 ({RR} 16. Bh6 Nc4 17. b3 Ncb6 18. a4 bxa4 19. bxa4 a5 20. Rb1 c5 21. Bf4 d5 22. e5 Bg7 23. Ng5 cxd4 24. Nf5 Nc5 25. e6 {1-0 Navara,D (2739)-Svetushkin,D (2573) EU-ch 18th Minsk 2017 (8)}) ({RR} 16. Bf4 Rc8 17. a4 Nc6 18. axb5 axb5 19. Qd2 Qe7 20. Bb3 Bg7 21. Qd3 Rb8 22. Bd2 Ba8 23. Rec1 Rb6 24. Bd5 Bb7 25. Rc2 Nf6 26. Rac1 Qd7 27. Bxc6 Rxc6 28. d5 Rxc2 29. Rxc2 h5 30. Ba5 Rc8 {½-½ De Dios Dorado,A (1852)-Colloridi,C (1837) TCh-ESP 2nd Div 2024 (7.30)}) 16... c5 17. b4 cxb4 18. Rxb4 Rc8 $146 ({RR} 18... Nc4 19. a4 Qa5 20. Rb1 Ndb6 21. axb5 axb5 22. Bb3 Bc6 23. Bf4 Na4 24. Rc1 Qb4 25. Bxc4 bxc4 26. Qc2 d5 27. Ne5 Rac8 28. Ng4 Bxd4 29. e5 Qb2 30. Qd1 Bc5 31. Nf6+ Kh8 32. Qg4 Bxf2+ 33. Kh2 {1-0 Zherebukh,Y (2614)-Chirila,I (2522) Titled Tuesday intern op 7th Febr blitz 2017 (3)}) 19. a4 Qc7 20. Bb1 bxa4 21. Qxa4 Bc6 22. Qd1 Bb5 23. Bf4 Nb6 24. Bd3 Nac4 25. Bg5 Bxg5 26. Nxg5 d5 27. Rb1 Qf4 28. Nf3 Na3 29. Bxb5 Nxb5 30. Ra1 dxe4 31. Ne5 Nc3 32. Qg4 Qxg4 33. Nxg4 Nbd5 34. Rxa6 Kg7 35. Rd6 Nf4 36. Nf6 Re7 37. Ngxe4 Nfe2+ 38. Kh2 Nxe4 39. Nd5 Nxd6 40. Nxe7 Rc2 0-1

[Event "Olympiad Women 2024"]
[Site "Budapest HUN"]
[Date "2024.09.12"]
[Round "2.16"]
[Board "2"]
[White "Yildiz Kadioglu, Betul Cemre"]
[Black "Babic, Milana"]
[Result "1/2-1/2"]
[WhiteElo "2314"]
[BlackElo "2080"]
[PlyCount "80"]
[EventDate "2024.09.11"]
[WhiteTeam "Turkiye"]
[BlackTeam "Bosnia & Herzegovina"]
[BlackTeamCountry "BIH"]

1. d4 Nf6 2. Nf3 b6 3. g3 Bb7 4. Bg2 e6 5. O-O c5 6. c4 cxd4 7. Nxd4 Bxg2 8. Kxg2 a6 9. Nc3 Be7 10. e4 Qc7 ({RR} 10... d6 11. Qa4+ Nfd7 12. Be3 O-O 13. Rac1 Qc7 14. Nce2 Qb7 15. f3 Ne5 16. b4 Nbd7 17. Qb3 Rfe8 18. a3 Rac8 19. Rc2 Bf8 20. Nf4 Nf6 21. h3 Ned7 22. Nd3 d5 23. e5 dxc4 24. Rxc4 Rxc4 25. Qxc4 {0-1 Hertneck,G (2560)-Dolmatov,S (2610) Interpolis Tilburg 1992 (1.3)}) 11. Qe2 Nc6 12. Nxc6 ({RR} 12. Be3 O-O 13. Rac1 Rfd8 14. Rfd1 Rac8 15. b3 Qb7 16. f3 h6 17. Nxc6 dxc6 18. e5 Nd7 19. f4 c5+ 20. Qf3 Qc7 21. Rd2 Nb8 22. Rcd1 Nc6 23. h4 Rxd2+ 24. Rxd2 Rd8 25. Rxd8+ Bxd8 26. h5 Qd7 {0-1 Pogosyan,S (2411)-Alizadeh,M (2027) Tsaghkadzor ChessMood op 2022 (3)}) 12... Qxc6 13. f3 $146 ({RR} 13. Bd2 O-O 14. f3 d6 15. Rac1 Rfc8 16. b3 Qb7 17. Rfd1 Nd7 18. Bf4 Ne5 19. a4 Rd8 20. Bxe5 dxe5 21. Rxd8+ Rxd8 22. Rd1 Rd4 23. Rd3 Qd7 24. Rxd4 exd4 25. Qd3 Qd6 26. Ne2 e5 27. h4 g6 {½-½ Salles,M (1989)-Viana,D (2314) Rio de Janeiro tt 2001 (3)}) 13... d6 14. Be3 O-O 15. Rac1 Rfc8 16. b3 Rc7 17. Bd4 Rac8 18. a4 Qb7 19. Qb2 Nd7 20. Ne2 Bf6 21. Bxf6 Nxf6 22. Qd4 Rc6 23. Nc3 Qc7 24. Na2 a5 25. Nc3 d5 26. exd5 exd5 27. Nxd5 Nxd5 28. Qxd5 Rd6 29. Qb5 Rd2+ 30. Rf2 Qd6 31. Re1 Rxf2+ 32. Kxf2 Qd4+ 33. Re3 h6 34. Qe5 Qd1 35. Kg2 Rd8 36. Kh3 Qf1+ 37. Kg4 Qd1 38. Kh3 Qf1+ 39. Kg4 Qd1 40. Kh3 Qf1+ 1/2-1/2

[Event "Olympiad Women 2024"]
[Site "Budapest HUN"]
[Date "2024.09.12"]
[Round "2.16"]
[Board "3"]
[White "Jacimovic, Sara"]
[Black "Aydin, Gulenay"]
[Result "0-1"]
[WhiteElo "1981"]
[BlackElo "2202"]
[PlyCount "74"]
[EventDate "2024.09.11"]
[WhiteTeam "Bosnia & Herzegovina"]
[BlackTeam "Turkiye"]
[WhiteTeamCountry "BIH"]

1. e4 c5 2. Nc3 e6 3. g3 Nc6 4. Bg2 g6 5. Nge2 Bg7 6. d3 Nge7 7. Bg5 h6 8. Be3 Nd4 9. Qd2 ({RR} 9. O-O O-O 10. a4 Nec6 11. Nb5 d6 12. c3 Nxe2+ 13. Qxe2 a6 14. Na3 Rb8 15. Qd2 Kh7 16. d4 cxd4 17. cxd4 d5 18. exd5 exd5 19. b4 Bf5 20. b5 Na5 21. Qa2 axb5 22. axb5 Be6 23. Rac1 Ra8 {½-½ Kiran,M (2036)-Gomes,M (2322) TCh-IND Women 2024 (3.1)}) 9... d6 ({RR} 9... O-O 10. O-O Kh7 11. f4 d6 12. Nd1 Rb8 13. Nc1 b6 14. Nf2 f5 15. c3 Ndc6 16. exf5 exf5 17. Nb3 Be6 18. d4 Bd5 19. Bxd5 Nxd5 20. dxc5 dxc5 21. Rad1 Nf6 22. Qe2 {½-½ Pruijssers,R (2550)-Rusev,R (2366) BEL-chT 1920 2019 (7.1)}) 10. O-O Rb8 11. f4 $146 ({RR} 11. Nd1 Nxe2+ 12. Qxe2 O-O 13. f4 b6 14. Bd2 d5 15. e5 Nc6 16. c3 b5 17. Qf2 c4 18. d4 b4 19. Ne3 bxc3 20. Bxc3 Nb4 21. Qd2 a5 22. a3 Nd3 23. Rf3 a4 {½-½ Seifert,A (1806)-Amtmann,F (1939) Unterfranken-ch M2 59th 2008 (6)}) ({RR} 11. Nc1 b5 12. Nd1 b4 13. c3 bxc3 14. bxc3 Ndc6 15. Ne2 Ba6 16. Nb2 h5 17. Nc4 Bxc4 18. dxc4 O-O 19. Rfd1 Ne5 20. Qxd6 Qxd6 21. Rxd6 Nxc4 22. Rd7 Nxe3 23. Rxe7 Nxg2 24. Kxg2 Rb2 25. Kf1 Rd8 {0-1 Belenkaya,D (2293)-Arabidze,M (2437) Titled Tuesday intern op 01st Dec blitz 2020 (4)}) 11... b5 12. Nd1 Nxe2+ 13. Qxe2 O-O 14. c3 a5 15. Nf2 Bb7 16. Rfd1 b4 17. Rac1 Ba6 18. e5 bxc3 19. bxc3 Nf5 20. exd6 Nxe3 21. Qxe3 Rc8 22. Ne4 Bb7 23. d7 Qxd7 24. Nxc5 Rxc5 25. Qxc5 Bxg2 26. Kxg2 Rc8 27. Qa3 Qd5+ 28. Kh3 Qh5+ 29. Kg2 Qe2+ 30. Kh3 Bf8 31. Qxa5 Rc5 32. Qxc5 Bxc5 33. a4 g5 34. fxg5 hxg5 35. Re1 g4+ 36. Kh4 Be7+ 37. Kh5 Qxd3 0-1

[Event "Olympiad Women 2024"]
[Site "Budapest HUN"]
[Date "2024.09.12"]
[Round "2.16"]
[Board "4"]
[White "Isgenderova, Hayale"]
[Black "Mahmutbegovic Smajilbasic, Nadina"]
[Result "1-0"]
[WhiteElo "2124"]
[BlackElo "1973"]
[PlyCount "71"]
[EventDate "2024.09.11"]
[WhiteTeam "Turkiye"]
[BlackTeam "Bosnia & Herzegovina"]
[BlackTeamCountry "BIH"]

1. e4 e5 2. Nf3 Nc6 3. Bc4 Nf6 4. d3 h6 5. c3 g5 6. d4 exd4 7. e5 d5 8. Bb5 Ne4 9. Nxd4 Bd7 10. e6 fxe6 11. Qh5+ $146 ({RR} 11. Bxc6 Bxc6 12. f3 Nf6 13. Qe2 Qe7 14. Nxe6 Kf7 15. Nxf8 Qxe2+ 16. Kxe2 Re8+ 17. Kf2 Rhxf8 18. Be3 Kg6 19. Bd4 Bb5 20. Na3 Re2+ 21. Kg1 Bd3 22. Rd1 Ne4 23. h3 Nd2 24. Bf2 Rfe8 25. b3 b5 {0-1 Hercegovac,N (2224)-Liloni,F (1951) 11th Palmanova Open 2022 (2.10)}) 11... Ke7 12. Bxc6 bxc6 13. f3 Nf6 14. Bxg5 Bg7 15. Bh4 c5 16. Ne2 Be8 17. Qe5 Qd6 18. Qe3 Kf7 19. Bg3 Qb6 20. Nf4 Qxb2 21. Qxe6+ Kf8 22. O-O Qxa1 23. Nxd5 Nxd5 24. Qxd5 Bd4+ 25. Kh1 Rb8 26. Qf5+ Bf7 27. cxd4 Qxd4 28. Be5 Qd5 29. Qf6 Rh7 30. Bxc7 Rc8 31. Bd6+ Kg8 32. Nc3 Qe6 33. Ne4 Rg7 34. Be5 Qxf6 35. Nxf6+ Kf8 36. Bd6# 1-0

[Event "Olympiad Women 2024"]
[Site "Budapest HUN"]
[Date "2024.09.12"]
[Round "2.17"]
[Board "1"]
[White "Roebers, Eline"]
[Black "Stojkovska, Monika"]
[Result "1-0"]
[WhiteElo "2340"]
[BlackElo "2043"]
[PlyCount "109"]
[EventDate "2024.09.11"]
[WhiteTeam "Netherlands"]
[BlackTeam "North Macedonia"]
[WhiteTeamCountry "NED"]

1. e4 e6 2. d4 d5 3. Nc3 Nf6 4. Bg5 dxe4 5. Nxe4 Be7 6. Bxf6 gxf6 7. Nc3 a6 8. g3 ({RR} 8. a4 Nc6 9. Nge2 e5 10. d5 Nb4 11. Ng3 f5 12. Bc4 Qd6 13. Bb3 h5 14. Qe2 h4 15. Nf1 Bd7 16. Nd2 e4 17. f3 exf3 18. Nxf3 O-O-O 19. O-O-O Bf6 20. Qf2 Kb8 21. Nd4 Rhg8 22. Nxf5 Qe5 {1-0 Aronian,L (2722)-Sevian,S (2697) American Cup Champ 2024 (1.5)}) 8... b5 9. Bg2 Ra7 10. Qd3 ({RR} 10. Nge2 c5 11. Qd3 cxd4 12. Qxd4 Qxd4 13. Nxd4 Bb7 14. Bxb7 Rxb7 15. O-O-O O-O 16. Rd3 Rc8 17. Rhd1 Rbc7 18. Kb1 f5 19. Nce2 Nc6 20. Nxc6 Rxc6 21. c3 Kg7 22. Rd7 R8c7 23. Nf4 Kf6 24. h4 Rxd7 {0-1 Brodsky,D (2514)-Sjugirov,S (2691) Titled Tue 21st May Late 2024 (8)}) 10... c5 $146 ({RR} 10... b4 11. Nce2 Bb7 12. Bxb7 Rxb7 13. O-O-O Qd5 14. Nf3 Qxa2 15. d5 Qa1+ 16. Kd2 Qxb2 17. dxe6 fxe6 18. Ned4 Qc3+ 19. Qxc3 bxc3+ 20. Kxc3 Kf7 21. Rhe1 Rb6 22. Re2 Rd8 23. Rd3 e5 24. Nf5 Bb4+ 25. Kc4 {0-1 Baskin,R (2390)-Csonka,B (2490) Titled Tuesday intern op 31st Aug blitz 2021 (6)}) ({RR} 10... Bb7 11. Bxb7 Rxb7 12. O-O-O c6 13. Nf3 Nd7 14. Kb1 Qa5 15. Nd2 Qc7 16. Rhe1 h5 17. Qf3 Nb6 18. Ne2 Nd5 19. h4 a5 20. Ne4 a4 21. N2c3 Qd8 22. Nc5 Ra7 23. Nxe6 fxe6 24. Rxe6 Nxc3+ 25. Qxc3 {½-½ Xiong,J (2709)-Niemann,H (2465) Chess24 Banter Blitz Cup Qual-B 2020 (1.3)}) 11. d5 Rd7 12. Nh3 b4 13. Nd1 Bb7 14. Ne3 exd5 15. Nf5 Nc6 16. Nf4 Ne5 17. Qe2 Qa8 18. O-O-O d4 19. Bxb7 Qxb7 20. Nh5 Kd8 21. f4 Ng6 22. g4 Kc7 23. Rhe1 Qb5 24. Qe4 Qc6 25. Nxe7 Qxe4 26. Rxe4 Rxe7 27. Rde1 Rxe4 28. Rxe4 Kd6 29. Nxf6 h6 30. Kd2 Ne7 31. Re5 Ng6 32. Ne4+ Kd7 33. Nxc5+ Kd6 34. Ne4+ Kd7 35. Rf5 Ke7 36. Kd3 Rc8 37. Nd2 Nf8 38. Nc4 Ne6 39. Nb6 Rb8 40. Nd5+ Kd6 41. Nf6 Ke7 42. Ne4 f6 43. Nxf6 Ng7 44. Nd5+ Kd6 45. Re5 Ne6 46. Ke4 b3 47. cxb3 d3 48. Ne3 Rb4+ 49. Nc4+ Kd7 50. Rd5+ Kc6 51. Rd6+ Kc7 52. Ke5 Nc5 53. f5 Rb8 54. Rxh6 Re8+ 55. Kd4 1-0

[Event "Olympiad Women 2024"]
[Site "Budapest HUN"]
[Date "2024.09.12"]
[Round "2.17"]
[Board "2"]
[White "Manova, Ivana"]
[Black "Peng, Zhaoqin"]
[Result "1/2-1/2"]
[WhiteElo "2031"]
[BlackElo "2349"]
[PlyCount "90"]
[EventDate "2024.09.11"]
[WhiteTeam "North Macedonia"]
[BlackTeam "Netherlands"]
[BlackTeamCountry "NED"]

1. e4 {Gurevich,Mikhail} e6 2. d4 d5 3. Nc3 dxe4 4. Nxe4 Nd7 5. Nf3 Ngf6 6. Bg5 h6 7. Nxf6+ Nxf6 8. Bxf6 Qxf6 9. g3 ({RR} 9. Bd3 Bd7 10. Qe2 c5 11. Ne5 ({RR} 11. Qe4 Rb8 12. Ne5 Bd6 13. Nxd7 Kxd7 14. dxc5 Bxc5 15. O-O Kc7) ({RR} 11. O-O-O O-O-O 12. Be4 Kb8 13. Ne5 cxd4 ({RR} 13... Bd6 14. Nxd7+ Rxd7 15. dxc5 Qg5+ 16. Kb1 Qxc5 17. Rd3 Rhd8 18. Rhd1 Qb5) 14. Bxb7 Qf4+ 15. Kb1 Kxb7 16. g3 Qf5 17. Rxd4 Bc5 18. Rf4 Qg5 19. h4) 11... O-O-O ({RR} 11... Bd6 12. Bb5 Bxe5 13. Bxd7+ Kxd7 14. dxe5 Qe7 15. O-O-O+) 12. c3 cxd4 13. cxd4 ({RR} 13. Rc1 Kb8 14. O-O) 13... Bb4+ 14. Kf1 Kb8 15. h4 Bc8 16. Qe4 Rd6 17. Nf3 Ba5 18. h5 Bb6 19. Rh4 Rhd8 ({RR} 19... Bd7 20. Rf4 Bc6 21. Qe3 Qe7 22. Ne5) 20. Rf4 Qe7 21. Bc4 ({RR} 21. Rc1 f6 22. Be2 Bd7) 21... Qc7 22. b3 ({RR} 22. Rc1 Bxd4 23. Nxd4 Rxd4 24. Qxd4 Rxd4 25. Rxd4 b5 26. Kg1 Ba6) 22... f6 ({RR} 22... Bxd4 23. Nxd4 Rxd4 24. Qxd4 Rxd4 25. Rxd4 b5 26. Be2 Qh2 27. Ke1 Qh1+ 28. Bf1 Bb7 29. f3 Qxh5) 23. Re1 a6 {1-0 Topalov,V (2735)-Gurevich,M (2656) Corsica Masters rap 07th rapid 2003 (2.1)}) 9... Bd6 ({RR} 9... c5 10. Bg2 cxd4 11. Nxd4 Bc5 12. c3 O-O 13. Nf3 Rd8 14. Qe2 Bd7 15. O-O Bc6 16. Nd2 Bxg2 17. Kxg2 Bb6 18. Ne4 Qf5 19. h4 Rd7 20. Qf3 Qxf3+ 21. Kxf3 f5 22. Ng5 hxg5 23. hxg5 Rd2 24. g6 {0-1 Tsyhanchuk,S (2322)-Nguyen,T (2258) Titled Tuesday intern op 5th May blitz 2020 (1)}) 10. Bg2 O-O 11. O-O Rd8 $146 ({RR} 11... e5 12. dxe5 Bxe5 13. Nxe5 Qxe5 14. c3 c6 15. Re1 Qc7 16. Qa4 Be6 17. Rad1 Rfd8 18. h4 a5 19. b3 Rxd1 20. Rxd1 Rd8 21. Rxd8+ Qxd8 {½-½ Vallejo Pons,F (2450)-Illescas Cordoba,M (2605) Pamplona 9899 9th 1998 (4)}) 12. Qe2 Rb8 13. Rad1 Bd7 14. Ne5 Be8 15. Ng4 Qe7 16. Rd2 c5 17. dxc5 Bxc5 18. Rfd1 b6 19. c3 a5 20. Ne5 Qc7 21. a3 Rxd2 22. Rxd2 b5 23. Nd3 Bd6 24. Qd1 Kf8 25. Ne1 Be7 26. Nc2 g6 27. Nd4 Kg7 28. Qf3 b4 29. cxb4 axb4 30. axb4 Qc1+ 31. Qd1 Qxd1+ 32. Rxd1 Rxb4 33. Nc6 Bxc6 34. Bxc6 Rxb2 35. Rc1 f5 36. Ba4 Rb4 37. Bd7 e5 38. Rc7 Bd8 39. Rc2 Bb6 40. Kg2 Rd4 41. Be8 g5 42. Rb2 Rd6 43. Rc2 Rd8 44. Bh5 Rd6 45. Be8 Rd8 1/2-1/2

[Event "Olympiad Women 2024"]
[Site "Budapest HUN"]
[Date "2024.09.12"]
[Round "2.17"]
[Board "3"]
[White "Van Foreest, Machteld"]
[Black "Zhezhovska, Monika"]
[Result "1-0"]
[WhiteElo "2224"]
[BlackElo "2106"]
[PlyCount "61"]
[EventDate "2024.09.11"]
[WhiteTeam "Netherlands"]
[BlackTeam "North Macedonia"]
[WhiteTeamCountry "NED"]

1. e4 c5 2. Nf3 Nc6 3. d4 cxd4 4. Nxd4 Nf6 5. Nc3 d6 6. Bc4 e6 7. Be3 Bd7 8. Qe2 a6 9. a4 ({RR} 9. Nxc6 Bxc6 10. f3 b5 11. Bd3 Qc7 12. O-O Be7 13. a4 b4 14. Nb1 d5 15. Nd2 Bd6 16. g3 Be5 17. a5 Bxb2 18. Bb6 Qb8 19. Rab1 Bc3 20. Nb3 dxe4 21. fxe4 O-O 22. Nd4 Bb7 23. Rxf6 Qe5 {0-1 Hector,J (2488)-Bok,B (2598) London Classic op 8th 2016 (9)}) 9... Na5 $146 ({RR} 9... Rc8 10. O-O Qc7 11. Ba2 Ne5 12. Rae1 Be7 13. Kh1 Nc4 14. Bc1 Qc5 15. Nb3 Qb4 16. f4 O-O 17. e5 Nd5 18. Nxd5 exd5 19. Nd4 Qxa4 20. Bb3 Qb4 21. e6 fxe6 22. Nxe6 Rf7 23. Qh5 Bxe6 24. Rxe6 {0-1 Ciuksyte,D (2338)-Van der Weide,K (2471) La Fere op 3rd 2004 (6)}) ({RR} 9... Be7 10. O-O O-O 11. Ba2 Nxd4 12. Bxd4 Bc6 13. Rfd1 Qc7 14. f4 b5 15. axb5 axb5 16. e5 dxe5 17. fxe5 Nd7 18. Nxb5 Bxb5 19. Qxb5 Rfb8 20. Qe2 Bc5 21. Bxc5 Qxc5+ 22. Qf2 Qxf2+ 23. Kxf2 Rxb2 24. Bb3 {½-½ Ljukin,S (2362)-Parpiev,I (2318) Titled Tue 4th Jun Early 2024 (2)}) ({RR} 9... Rc8 10. O-O Be7 11. f4 O-O 12. Kh1 Na5 13. Bd3 Qc7 14. Bg1 Nc4 15. Nd1 e5 16. b3 Bg4 17. Nf3 Na5 18. Ne3 exf4 19. Nxg4 Nxg4 20. Rab1 Ne5 21. c4 Nac6 22. Ne1 Bg5 23. Rd1 Rfe8 24. Bb1 {0-1 Mlcousek,Z-Styblo,M (2310) CSR-chT 9091 1990 (2.8)}) 10. Ba2 Qc7 11. O-O Be7 12. f4 Rc8 13. Rad1 O-O 14. Bc1 Nc4 15. Kh1 Qc5 16. e5 dxe5 17. fxe5 Nd5 18. Nxd5 exd5 19. c3 Be6 20. Bb1 Qc7 21. Rde1 Bc5 22. Bg5 Be7 23. Bc1 Qd7 24. Qd3 g6 25. Qg3 Qd8 26. Nxe6 fxe6 27. Qg4 Rc6 28. Bxg6 hxg6 29. Qxg6+ Kh8 30. Qh5+ Kg8 31. Bh6 1-0

[Event "Olympiad Women 2024"]
[Site "Budapest HUN"]
[Date "2024.09.12"]
[Round "2.17"]
[Board "4"]
[White "Trajkovska, Sanja"]
[Black "Kazarian, Anna-Maja"]
[Result "0-1"]
[WhiteElo "1921"]
[BlackElo "2180"]
[PlyCount "86"]
[EventDate "2024.09.11"]
[WhiteTeam "North Macedonia"]
[BlackTeam "Netherlands"]
[BlackTeamCountry "NED"]

1. e4 e6 2. d4 d5 3. exd5 exd5 4. Bf4 Bd6 5. Qd2 Bf5 6. Bxd6 Qxd6 7. Nc3 c6 8. O-O-O Ne7 9. f3 $146 ({RR} 9. Re1 O-O 10. f3 b5 11. g4 Bd7 12. Bd3 a5 13. h4 Na6 14. Nh3 Nb4 15. Kb1 Nxd3 16. Qxd3 Ng6 17. h5 Nf4 18. Nxf4 Qxf4 19. Ne2 Qd6 20. Reg1 Rfe8 21. g5 Qe6 22. Nc1 Qf5 23. Rg2 a4 {0-1 Pospisil,P (1987)-Vlcek,P (1988) CZE-chT2d 0607 2006 (8)}) ({RR} 9. Qg5 Qg6 {½-½ Diepenbrock,T (1825)-Vestrick,F (1591) Muensterland Verbandsklasse-B 1112 2011 (6.2)}) 9... Nd7 10. Nge2 b5 11. Qf4 Qg6 12. Rd2 b4 13. Nd1 h5 14. Nf2 a5 15. g4 hxg4 16. fxg4 Be6 17. Qg3 Qh6 18. h4 g6 19. Nf4 a4 20. Nxe6 fxe6 21. g5 Nf5 22. Qc7 Qg7 23. Qxc6 Ke7 24. Bb5 Ra7 25. Re1 a3 26. Qxe6+ Kd8 27. Qxd5 Rxh4 28. Ne4 Qe7 29. Qg8+ Kc7 30. Qc4+ Kb8 31. Rde2 Rc7 32. Qg8+ Rc8 33. Qd5 Nb6 34. Qe5+ Qxe5 35. dxe5 Nd4 36. Nd6 Nxe2+ 37. Bxe2 Rc5 38. Bd3 Nd5 39. bxa3 Nf4 40. Kd2 Rh2+ 41. Kd1 Nxd3 42. cxd3 Rcc2 43. Re4 Rxa2 0-1

[Event "Olympiad Women 2024"]
[Site "Budapest HUN"]
[Date "2024.09.12"]
[Round "2.18"]
[Board "1"]
[White "Dornbusch, Tatiana"]
[Black "Munkhzul, Turmunkh"]
[Result "1-0"]
[WhiteElo "2212"]
[BlackElo "2256"]
[PlyCount "157"]
[EventDate "2024.09.11"]
[WhiteTeam "Monaco"]
[BlackTeam "Mongolia"]
[WhiteTeamCountry "MNC"]
[BlackTeamCountry "MGL"]

1. d4 Nf6 2. Nf3 d5 3. c4 e6 4. g3 Be7 5. Bg2 O-O 6. O-O dxc4 7. Qc2 a6 8. Qxc4 b5 9. Qc2 Bb7 10. Bf4 Nc6 11. Nbd2 Nd5 12. Nb3 Nxf4 ({RR} 12... Ncb4 13. Qd2 Nxf4 14. gxf4 Bd5 15. a3 Nc6 16. Qc2 Rc8 17. Rfd1 f5 18. Nc5 Rf6 19. Qc3 Rg6 20. Kh1 Bd6 21. Nd3 Rxg2 22. Kxg2 Qh4 23. Kf1 Qh3+ 24. Ke1 Ne7 25. Nde5 c5 26. Rac1 Qg2 27. dxc5 {0-1 Smirnov,P (2483)-Lysyj,I (2589) Kurnosov Mem Rapid 2024 (11.3)}) 13. gxf4 Nb4 14. Qc3 Nd5 $146 ({RR} 14... Be4 15. a3 Nd5 16. Qd2 Bd6 17. e3 f5 18. Ne1 Qh4 19. Bxe4 fxe4 20. f3 Qh3 21. fxe4 Nxe3 22. Rf3 Qg4+ {0-1 Bouwmeester,H (2420)-Speelman,J (2490) EU Economic Communty Team-ch03 1980}) ({RR} 14... Be4 15. a3 Nd5 16. Qc1 Bd6 17. e3 Bxf3 18. Bxf3 Qh4 19. Re1 Rad8 20. Bg2 g5 21. fxg5 Bxh2+ 22. Kf1 Qxg5 23. Nc5 Qg6 24. Qb1 f5 25. Bf3 e5 26. dxe5 Qb6 27. Nd3 c5 28. Ke2 c4 29. Nb4 {0-1 Lanzani,M (2330)-Martorelli,A (2255) Formia op 1995}) 15. Qc1 Rc8 16. e3 Nf6 17. Rd1 Bd5 18. Qc3 Bd6 19. Rac1 Qe7 20. Ne5 Bxg2 21. Kxg2 Nd5 22. Qc2 f6 23. Nc6 Qe8 24. Qe4 f5 25. Qf3 Rf6 26. Rg1 Rh6 27. Kf1 Nf6 28. h3 Ne4 29. Ke2 Qf7 30. Nd2 Nf6 31. Rg5 Kh8 32. Rcg1 Rg8 33. Qg2 Nd5 34. Qf3 Qd7 35. Rc1 Rf6 36. Rgg1 Rff8 37. a3 a5 38. Nxa5 b4 39. axb4 Qb5+ 40. Nac4 Bxb4 41. Rgd1 Nb6 42. b3 Nd5 43. Nb1 Ra8 44. h4 Nf6 45. Rc2 Bd6 46. Nbd2 Ng4 47. Qh1 Rgd8 48. Ra1 Rxa1 49. Qxa1 Qd5 50. f3 Nf6 51. Qa5 Qxa5 52. Nxa5 Rb8 53. Nc6 Ra8 54. Ne5 Kg8 55. Ndc4 Bf8 56. Nd2 Bd6 57. Nd3 Nd5 58. Nc4 Be7 59. e4 Nf6 60. Nd2 Ne8 61. h5 Ra1 62. Rc6 fxe4 63. fxe4 Rh1 64. Rxe6 Kf7 65. d5 Nf6 66. Ne5+ Kf8 67. Nc6 Bd6 68. h6 Bxf4 69. hxg7+ Kxg7 70. Nf3 h5 71. Ncd4 Kf7 72. Nf5 Ng4 73. Re7+ Kf6 74. Re6+ Kf7 75. e5 h4 76. Re7+ Kf8 77. e6 Ne5 78. Rxc7 Kg8 79. Rg7+ 1-0